Diane Bernard, Juger et juger encore les crimes internationaux. Étude du principe ne bis in idem Bruxelles, Bruylant, 2014, 312 pages (notice n° 2210042)
[ vue normale ]
| 000 -LEADER | |
|---|---|
| fixed length control field | 01594cam a2200169 4500500 |
| 005 - DATE AND TIME OF LATEST TRANSACTION | |
| control field | 20260412000451.0 |
| 041 ## - LANGUAGE CODE | |
| Language code of text/sound track or separate title | fre |
| 042 ## - AUTHENTICATION CODE | |
| Authentication code | dc |
| 100 10 - MAIN ENTRY--PERSONAL NAME | |
| Personal name | Cabrejo, Amanda |
| Relator term | author |
| 245 00 - TITLE STATEMENT | |
| Title | Diane Bernard, Juger et juger encore les crimes internationaux. Étude du principe ne bis in idem Bruxelles, Bruylant, 2014, 312 pages |
| 260 ## - PUBLICATION, DISTRIBUTION, ETC. | |
| Date of publication, distribution, etc. | 2014.<br/> |
| 500 ## - GENERAL NOTE | |
| General note | 60 |
| 520 ## - SUMMARY, ETC. | |
| Summary, etc. | Séculaire et mutante, la justice pénale repose sur des fondements et poursuit des fins qui ne cessent d'être interrogés, modifiés et parfois rétablis. Les réformes pénales envisagées par l'actuel garde des Sceaux en attestent. Ces mutations permanentes ont totalement obscurci la rationalité qui anime la justice pénale. Cet article propose d'en éclairer certains rouages et de mettre en lumière le tournant que cette rationalité semble aujourd'hui amorcer. |
| 520 ## - SUMMARY, ETC. | |
| Summary, etc. | Secular and mutant, the criminal justice bases on foundations and pursues purposes which do not stop being questioned, modified and anytimes restored. The penal reforms envisaged by the current minister of Justice gi ve evidence of it. These permanent transformations totally darkened the rationality which leads the criminal justice. This article suggests enlightening certain cogs and bringing to light the turning point this rationality seems today to prime. |
| 786 0# - DATA SOURCE ENTRY | |
| Note | Revue de science criminelle et de droit pénal comparé | 3 | 3 | 2014-07-01 | p. 693b-700b | 0035-1733 |
| 856 41 - ELECTRONIC LOCATION AND ACCESS | |
| Uniform Resource Identifier | <a href="https://droit.cairn.info/revue-de-science-criminelle-et-de-droit-penal-compare-2014-3-page-693b?lang=fr&redirect-ssocas=7080">https://droit.cairn.info/revue-de-science-criminelle-et-de-droit-penal-compare-2014-3-page-693b?lang=fr&redirect-ssocas=7080</a> |
Pas d'exemplaire disponible.




Réseaux sociaux